Pluralisme kewargaan : arah baru politik keragaman di Indonesia
| Other Authors: | Bagir, Zainal Abidin |
|---|---|
| Published: |
Bandung:
CRCS/Mizan,
2011.
|
| Subjects: |
| LEADER | 00555cam a2200157 7i4500 | ||
|---|---|---|---|
| 001 | 0000044381 | ||
| 005 | 20121210090000.0 | ||
| 020 | |a 9786029625752 (pbk.) | ||
| 090 | 0 | 0 | |a DS644.5 |b .P58 2011 |
| 245 | 0 | 0 | |a Pluralisme kewargaan : |b arah baru politik keragaman di Indonesia |c Zainal Abidin Bagir ... [et al.]. |
| 260 | |a Bandung: |b CRCS/Mizan, |c 2011. | ||
| 300 | |a 200 p.; |c 23 cm. | ||
| 651 | 0 | |a Indonesia -- |x Politics and government | |
| 700 | 0 | |a Bagir, Zainal Abidin | |
| 997 | |a Centre for Graduate Studies | ||
| 999 | |a 0000054039 |b BOK |c OPEN SHELF |e 1st Floor, Shah Alam | ||


